WSL Golden Boot Winners - Statistics

General Stats
  • This quiz has been taken 50 times
  • The average score is 8 of 14
Answer Stats
Season Player Club Goals % Correct
2023–24 Khadija Shaw Manchester CIty 21
89%
2020–21 Sam Kerr Chelsea 21
89%
2021–22 Sam Kerr Chelsea 20
89%
2022–23 Rachel Daly Aston Villa 22
84%
2018–19 Vivianne Miedema Arsenal 22
80%
2019–20 Vivianne Miedema Arsenal 16
80%
2015 Beth Mead Sunderland 12
59%
2017–18 Ellen White Birmingham City 15
48%
Spring Series Fran Kirby Chelsea 6
48%
2012 Kim Little Arsenal 11
36%
2014 Karen Carney Birmingham 8
20%
2011 Rachel Williams Birmingham 14
14%
2016 Eniola Aluko Chelsea 9
11%
2013 Natasha Dowie Liverpool 19
7%
No matching quizzes found
Score Distribution
Percent of People with Each Score
Percentile by Number Answered
Your Score History
You have not taken this quiz